<?xml version="1.0" encoding="UTF-8"?>
<record
    xmlns:xsi="http://www.w3.org/2001/XMLSchema-instance"
    xsi:schemaLocation="http://www.loc.gov/MARC21/slim http://www.loc.gov/standards/marcxml/schema/MARC21slim.xsd"
    xmlns="http://www.loc.gov/MARC21/slim">

  <leader>01739nam a2200241 a 4500</leader>
  <controlfield tag="003">DO-SdBNP</controlfield>
  <controlfield tag="005">20220926085154.0</controlfield>
  <controlfield tag="007">ta</controlfield>
  <controlfield tag="008">220921e1998    dr a|||grf||| 000 0 spa d</controlfield>
  <datafield tag="040" ind1=" " ind2=" ">
    <subfield code="a">DO-SdBNP</subfield>
    <subfield code="b">spa</subfield>
    <subfield code="c">BNPHU</subfield>
  </datafield>
  <datafield tag="082" ind1=" " ind2="4">
    <subfield code="2">22</subfield>
    <subfield code="b">M294e</subfield>
  </datafield>
  <datafield tag="245" ind1="0" ind2="0">
    <subfield code="a">Manual de ejercicios f&#xED;sicos para el Ej&#xE9;rcito Nacional. /</subfield>
  </datafield>
  <datafield tag="260" ind1=" " ind2=" ">
    <subfield code="a">Santo Domingo :</subfield>
    <subfield code="b">Ej&#xE9;rcito Nacional,</subfield>
    <subfield code="c">1998</subfield>
  </datafield>
  <datafield tag="300" ind1=" " ind2=" ">
    <subfield code="a">[44] p. :</subfield>
    <subfield code="b">il. ;</subfield>
    <subfield code="c">21 cm.</subfield>
  </datafield>
  <datafield tag="490" ind1=" " ind2=" ">
    <subfield code="a">Publicaciones del Ej&#xE9;rcito Nacional</subfield>
  </datafield>
  <datafield tag="500" ind1=" " ind2=" ">
    <subfield code="a">La Biblioteca posee el vol. XI</subfield>
  </datafield>
  <datafield tag="505" ind1=" " ind2=" ">
    <subfield code="a">Introducci&#xF3;n.</subfield>
    <subfield code="t">Para qu&#xE9; sirven los ejercicios.--</subfield>
    <subfield code="t">como se progresa.--</subfield>
    <subfield code="t">Fijando su propia meta.--</subfield>
    <subfield code="t">Cuando y con qu&#xE9; frecuencia hacer ejercicios.--</subfield>
    <subfield code="t">Los soldados pueden ser deficientes en su nivel de acondicionamiento debido a.--</subfield>
    <subfield code="t">Ejercicio de estiramiento.--</subfield>
    <subfield code="t">Rotaci&#xF3;n del cuello.--</subfield>
    <subfield code="t">Estirar cuello y hombros.--</subfield>
    <subfield code="t">Estiramiento del pecho.--</subfield>
    <subfield code="t">Estirar alternando un lado.--</subfield>
    <subfield code="t">Estirar un lado.--</subfield>
    <subfield code="t">Sentado a lo largo.--</subfield>
    <subfield code="t">Estiramiento de la rodilla.--</subfield>
    <subfield code="t">Estiramiento del muslo.--</subfield>
    <subfield code="t">Estiramiento de la cintura y muslo.--</subfield>
    <subfield code="t">Estiramiento de la ingle.--</subfield>
    <subfield code="t">Ejercicio de acondicionamiento f&#xED;sico.--</subfield>
    <subfield code="t">Salto a lo alto.--</subfield>
    <subfield code="t">Girar y doblar.--</subfield>
    <subfield code="t">Flexione de brazos (pechadas).--</subfield>
    <subfield code="t">Flexi&#xF3;n lateral del tronco.--</subfield>
    <subfield code="t">Torcer el tronco.--</subfield>
    <subfield code="t">Sentarse en cuclillas y doblar el torso hacia adelante.--</subfield>
    <subfield code="t">Flexi&#xF3;n de rodillas.--</subfield>
    <subfield code="t">Trote en su lugar (cadencia r&#xE1;pida).--</subfield>
    <subfield code="t">Reglamentaci&#xF3;n para prueba f&#xED;sica.--</subfield>
    <subfield code="t">Volver a tomar eventos.--</subfield>
    <subfield code="t">Secuencia de la pruebe.--</subfield>
    <subfield code="t">Pechadas.--</subfield>
    <subfield code="t">Abdominales.--</subfield>
    <subfield code="t">Carrera de 2 millas.</subfield>
  </datafield>
  <datafield tag="590" ind1=" " ind2=" ">
    <subfield code="a">Inventariado 2022 / MF</subfield>
  </datafield>
  <datafield tag="650" ind1=" " ind2="4">
    <subfield code="9">77250</subfield>
    <subfield code="a">Ej&#xE9;rcito Nacional </subfield>
    <subfield code="v">Manuales </subfield>
    <subfield code="z">Rep&#xFA;blica Dominicana</subfield>
  </datafield>
  <datafield tag="710" ind1=" " ind2="4">
    <subfield code="9">58697</subfield>
    <subfield code="a">Rep&#xFA;blica Dominicana.</subfield>
    <subfield code="b">Ej&#xE9;rcito Nacional</subfield>
  </datafield>
  <datafield tag="910" ind1=" " ind2=" ">
    <subfield code="a">MFeliz</subfield>
  </datafield>
  <datafield tag="942" ind1=" " ind2=" ">
    <subfield code="2">ddc</subfield>
    <subfield code="c">LF2</subfield>
  </datafield>
  <datafield tag="952" ind1=" " ind2=" ">
    <subfield code="0">0</subfield>
    <subfield code="1">0</subfield>
    <subfield code="2">ddc</subfield>
    <subfield code="5">1</subfield>
    <subfield code="7">0</subfield>
    <subfield code="8">PD</subfield>
    <subfield code="a">BNPHU</subfield>
    <subfield code="b">BNPHU</subfield>
    <subfield code="c">HD</subfield>
    <subfield code="d">2018-07-21</subfield>
    <subfield code="e">Donado por  CERTV</subfield>
    <subfield code="l">0</subfield>
    <subfield code="o">M294e</subfield>
    <subfield code="p">2022-4014</subfield>
    <subfield code="r">2022-09-21</subfield>
    <subfield code="w">2022-09-21</subfield>
    <subfield code="y">LF2</subfield>
  </datafield>
  <datafield tag="999" ind1=" " ind2=" ">
    <subfield code="c">52435</subfield>
    <subfield code="d">52435</subfield>
  </datafield>
</record>
